000 00403nam a22001217a 4500
999 _c2836
_d2836
005 20200924145600.0
008 200924b ||||| |||| 00| 0 eng d
020 _a0852295715
040 _cCML
245 _aThe New Encyclopedia Ready Reference.
_cEncyclopedia Britannica, Inc
260 _aChicago
_bEncyclopedia Britannica, Inc
_c1974
942 _2ddc
_cBK
_e15th Vol.8
_h032
_kGEN REF
_mNEW